<?xml version="1.0" encoding="UTF-8"?>
<record
    xmlns:xsi="http://www.w3.org/2001/XMLSchema-instance"
    xsi:schemaLocation="http://www.loc.gov/MARC21/slim http://www.loc.gov/standards/marcxml/schema/MARC21slim.xsd"
    xmlns="http://www.loc.gov/MARC21/slim">

  <leader>02117nam a22001697a 4500</leader>
  <controlfield tag="008">200128b        xxu||||| |||| 00| 0 eng d</controlfield>
  <datafield tag="020" ind1=" " ind2=" ">
    <subfield code="a">9780781790970</subfield>
  </datafield>
  <datafield tag="050" ind1=" " ind2=" ">
    <subfield code="a">RC440.P737(7e)</subfield>
  </datafield>
  <datafield tag="245" ind1=" " ind2=" ">
    <subfield code="a">Psychiatric-mental health nursing: evidence-base, concepts, skills and practice. /</subfield>
    <subfield code="c">edited by Wanda K. Mohr.</subfield>
  </datafield>
  <datafield tag="250" ind1=" " ind2=" ">
    <subfield code="a">7th ed.</subfield>
  </datafield>
  <datafield tag="260" ind1=" " ind2=" ">
    <subfield code="a">Baltimore :</subfield>
    <subfield code="b">Wolters Kluwer Health/ Lippincott Williams and Wilkins,</subfield>
    <subfield code="c">2009.</subfield>
  </datafield>
  <datafield tag="300" ind1=" " ind2=" ">
    <subfield code="a">xix, 907 p. :</subfield>
    <subfield code="b">ill. (col.) ;</subfield>
    <subfield code="c">29 cm.</subfield>
  </datafield>
  <datafield tag="500" ind1=" " ind2=" ">
    <subfield code="a">Includes appendix and index.</subfield>
  </datafield>
  <datafield tag="505" ind1=" " ind2=" ">
    <subfield code="a">Contents: Unit one: Foundational concepts in psychiatric-mental health nursing: Introduction to psychiatric-mental health nursing -- Neuroscience: biology and behavior -- Conceptual frameworks and theories -- Evidence-based practice -- Legal and ethical aspects -- Unit two: Client care considerations: Culture -- Spirituality in psychiatric care -- Unit three: The nurse-client relationship: Nursing values, attitudes, and self-awareness -- The nursing process in psychiatric-mental healthcare -- The interview and assessment process -- Therapeutic relationships and communication -- Working with the multidisciplinary team -- Unit four: Conceptual bases of treatment: Individual therapies and nursing interventions -- Groups and group interventions -- Families and family interventions -- Psychopharmacology -- Integrative therapies -- Somatic therapies  -- Unit five: Settings for care: Inpatient care settings -- Community and home psychiatric care -- Forensic psychiatric nursing -- Unit six: Psychiatric disorders: Sleep disorders -- Anxiety disorders -- Somatoform, dissociative and sexual disorders -- Personality disorders -- Eating disorders -- Depressive disorders -- Bipolar disorders -- Thought disorders -- Substance use disorders -- Cognitive disorders -- Unit seven: Psychiatric emergencies: Anger and aggression -- Violence and abuse -- Suicide and suicidal behavior -- Crisis intervention -- Unit eight: Special populations: Pediatric clients -- Older adult clients -- Homeless clients -- Clients with medical illnesses.</subfield>
  </datafield>
  <datafield tag="700" ind1=" " ind2=" ">
    <subfield code="a">Mohr, Wanda E.</subfield>
  </datafield>
  <datafield tag="942" ind1=" " ind2=" ">
    <subfield code="2">lcc</subfield>
    <subfield code="c">BK</subfield>
  </datafield>
  <datafield tag="999" ind1=" " ind2=" ">
    <subfield code="c">7012</subfield>
    <subfield code="d">14512</subfield>
  </datafield>
  <datafield tag="952" ind1=" " ind2=" ">
    <subfield code="0">0</subfield>
    <subfield code="1">0</subfield>
    <subfield code="2">lcc</subfield>
    <subfield code="4">0</subfield>
    <subfield code="7">0</subfield>
    <subfield code="a">WIUC-1</subfield>
    <subfield code="b">WIUC-1</subfield>
    <subfield code="c">NURS L.</subfield>
    <subfield code="d">2020-01-28</subfield>
    <subfield code="l">0</subfield>
    <subfield code="o">RC440.P737(7e)</subfield>
    <subfield code="p">NURS/663/012/20</subfield>
    <subfield code="r">2020-01-28 00:00:00</subfield>
    <subfield code="t">1</subfield>
    <subfield code="w">2020-01-28</subfield>
    <subfield code="y">BK</subfield>
  </datafield>
</record>
